| 000 | 02981cad a22004935a 4500 | ||
|---|---|---|---|
| 001 | L144341 | ||
| 008 | 080711e20080603xxk f v 000 0 eng d | ||
| 035 | _a(Sirsi) u144341 | ||
| 041 | 0 | _aeng | |
| 245 | 0 | 0 |
_aUnion Railways (North) Limited v London and Continental Railways Limited and Kent County Council _h[electronic resource] |
| 260 | _c2008 | ||
| 520 | _a[2008] EWLands ACQ_212_2005, 3 June 2008. Tribunal asked to determine: whether an acquiring authority was entitled , if it chose, not to serve notice to treat an owner of an interest in land that it was taking the land under its compulsory powers and whether a claimant could make reference to the Lands Tribunal if notice to treat had not been served on him. Also asked to decide whether the Lands Tribunal had jurisdiction to determine the question of entitlement to compensation. Held: Where land was to be acquired under a compulsory purchase order, the acquiring authority had to give notice to treat to every person with an interest in the land, failing which a person with such an interest could apply to the Lands Tribunal under the Compulsory Purchase Act 1965 for determination of their entitlement compensation. | ||
| 590 | _aKA | ||
| 650 | 2 | 4 | _aUNION RAILWAYS NORTH LTD V LONDON AND CONTINENTAL RAILWAYS LTD AND KENT COUNTY COUNCIL |
| 650 | 2 | 4 | _aCOMPULSORY PURCHASE ACT 1965 |
| 650 | 2 | 4 | _aLANDS CLAUSES CONSOLIDATION ACT 1845 |
| 650 | 2 | 4 | _aLANDS TRIBUNAL ACT 1949 |
| 650 | 2 | 4 | _aLAND COMPENSATION ACT 1961 |
| 650 | 2 | 4 | _aR V SOUTH COMMITTEE MEN FOR SOUTH HOLLAND DRAINAGE |
| 650 | 2 | 4 | _aSTONE V COMMERCIAL RAILWAY COMPANY |
| 650 | 2 | 4 | _aTOWER V EASTERN COUNTIES RAILWAY |
| 650 | 2 | 4 | _aADAMS V LONDON AND BLACKWALL RAILWAY COMPANY |
| 650 | 2 | 4 | _aR V LONDON AND NORTH WESTERN RAILWAY COMPANY |
| 650 | 2 | 4 | _aSALISBURY MARQUIS OF V GREAT NORTHERN RAILWAY COMPANY |
| 650 | 2 | 4 | _aSTOCKTON AND DARLINGTON RAILWAY COMPANY V BROWN |
| 650 | 2 | 4 | _aMARTIN V LONDON CHATHAM AND DOVER RAILWAY COMPANY |
| 650 | 2 | 4 | _aABRAHAMS V MAYOR OF LONDON |
| 650 | 2 | 4 | _aHAMMERSMITH RAILWAY COMPANY V BRAND |
| 650 | 2 | 4 | _aR V GREAT NORTHERN RAILWAY COMPANY |
| 650 | 2 | 4 | _aECCLESIASTICAL COMMISSIONERS V COMMISSIONERS FOR SEWERS FOR CITY OF LONDON |
| 650 | 2 | 4 | _aR V EDWARDS |
| 650 | 2 | 4 | _aTIVERTON AND NORTH DEVON RAILWAY COMPANY V LOOSEMORE |
| 650 | 2 | 4 | _aDAVIDSONS TRUSTEES V CALEDONIAN RAILWAY COMPANY |
| 650 | 2 | 4 | _aCALEDONIAN RAILWAY COMPANY V DAVIDSON |
| 650 | 2 | 4 | _aFRANK WARR AND CO LTD V LONDON COUNTY COUNCIL |
| 650 | 2 | 4 | _aGOODWIN FOSTER BROWN LTD V DERBY CORPORATION |
| 650 | 2 | 4 | _aHORN V SUNDERLAND CORPORATION |
| 650 | 2 | 4 | _aOPPENHEIMER V MINISTER OF TRANSPORT |
| 650 | 2 | 4 | _aRE PURKISS APPLICATION |
| 651 | 4 |
_aUnited Kingdom _y |
|
| 690 | _aENVIRONMENTAL AND LAND CONSULTANCY-PLANNING AND DEVELOPMENT-COMPULSORY PURCHASE AND COMPENSATION | ||
| 856 | 4 | 0 |
_uhttps://www.bailii.org/ew/cases/EWLands/2008/ACQ_212_2005.html _zView the case free of charge online at www.bailii.org... |
| 942 | _n0 | ||
| 999 |
_c80430 _d80430 |
||